Biography Books: The Subtitles II Quiz Stats

 Plays Quiz Updated Feb 4, 2020

Support Sporcle.
Go Orange.
Score 0/15 Timer 04:00
2 Plays Today
% Correct
Kitchen Confidential
94.8%
Marley and Me
94.3%
Alfred the Great
92.9%
I'm with the Band
92.7%
Long Walk to Freedom
91.3%
Samurai Rising
90.8%
The Widow Clicquot
87.2%
Bolívar
80.8%
% Correct
The Boy Who Harnessed the Wind
79.6%
Medieval People
79.1%
Dreams from My Father
76.5%
With Malice Toward None
76%
Symphony for the City of the Dead
74.4%
Brain on Fire
72.9%
The Hiding Place
55.3%

From the Vault

Picture Idiom Pairs

by nabean

Hey, there's a pear pair over there!
Remove Ads.
Support Sporcle.
Get the best of Sporcle when you Go Orange. This ad-free experience offers more features, more stats, and more fun while also helping to support Sporcle. Thank you for becoming a member.

Show Comments

Extras

Top Quizzes Today


Score Distribution

Your Account Isn't Verified!

In order to create a playlist on Sporcle, you need to verify the email address you used during registration. Go to your Sporcle Settings to finish the process.

Report this User

Report this user for behavior that violates our Community Guidelines.

Details: